50 Biggest Cities in Caucasus Countries on a Blank Map - Statistics

General Stats
  • This quiz has been taken 240 times
  • The average score is 11 of 50
Answers on the Map
Answers color-coded by a green-red scale on the quiz's map according to % correct below.
 
Answer Stats
City Population % Correct
Baku 1 291 000
99%
Tbilisi 1 154 314
99%
Yerevan 1 086 677
98%
Batumi 169 095
77%
Ganja 299 100
55%
Kutaisi 135 201
51%
Gyumri 112 301
46%
Gori 45 557
42%
Nakhchivan 80 800
37%
Sumqayit 435 600
37%
Sukhumi 65 530
35%
Khankendi 58 300
34%
Poti 41 498
33%
Rustavi 128 680
27%
Vanadzor 75 186
27%
Shirvan 77 800
26%
Lankaran 51 600
22%
Mingechevir 119 977
22%
Zugdidi 41 494
21%
Sheki 65 900
20%
Kapan 32 780
18%
Hrazdan 44 231
14%
Vagharshapat 44 837
13%
Xirdalan 213 400
12%
Yevlax 65 500
11%
Barda 52 598
10%
Abovyan 46 434
8%
Göyçay 34 525
8%
Hövsan 52 600
8%
Salyan 38 600
8%
Lökbatan 42 000
7%
Mardakan 35 800
7%
Zabrat 45 100
7%
Imishli 37 400
6%
Khachmaz 42 500
6%
Saray 41 100
6%
Aghjabadi 51 700
5%
Bina 89 300
5%
Shamkir 40 600
5%
Bakikhanov 77 200
4%
Qaraçuxur 84 600
4%
Buzovna 38 300
3%
Jalilabad 41 900
3%
Bilacari 85 900
2%
Binagadi 50 200
2%
Mashtagha 109 100
2%
Rasulzade 58 500
2%
Romana 44 500
2%
Amirjan 33 600
1%
Shamaxy 38 800
1%
No matching quizzes found
Score Distribution
Percent of People with Each Score
Percentile by Number Answered
Your Score History
You have not taken this quiz